000 00286nam a2200109 a 4500
005 20201002044927.0
008 140403s1971 000 spa d
100 _aGoncourt, Hermanos
_971525
245 0 _aRenata mauperin.
260 _aMadrid -- Libra,
_c1971 -- 189 p.
999 _c43193
_d43193
040 _aDO-SdBNP